Un capítulo de la memoria del exilio (Record no. 89066)

MARC details
000 -LEADER
campo de control de longitud fija 01234nam a2200277 i 4500
001 - NÚMERO DE CONTROL
campo de control 89066
003 - IDENTIFICADOR DE NÚMERO DE CONTROL
campo de control ES-MaACL
005 - FECHA Y HORA DE LA ÚLTIMA TRANSACCIÓN
campo de control 20230906180048.0
007 - CAMPO FIJO DE DESCRIPCIÓN FÍSICA--INFORMACIÓN GENERAL
campo de control de longitud fija t|
008 - DATOS DE LONGITUD FIJA--INFORMACIÓN GENERAL
campo de control de longitud fija 050126s2002 mx a ||||1| spa d
020 ## - NÚMERO INTERNACIONAL ESTÁNDAR DEL LIBRO
Número Internacional Estándar del Libro 968-7598-85-9
080 ## - NÚMERO DE LA CLASIFICACIÓN DECIMAL UNIVERSAL
Número de la Clasificación Decimal Universal 929-053.2-054.73(=1.460:72)"1936/39"
080 ## - NÚMERO DE LA CLASIFICACIÓN DECIMAL UNIVERSAL
Número de la Clasificación Decimal Universal 94(460)"1936/39"
245 03 - MENCIÓN DEL TÍTULO
Título Un capítulo de la memoria del exilio
Resto del título : los niños de Morelia /
Mención de responsabilidad, etc. Agustín Sánchez Andrés ... [et al.], compiladores ; estudio introductorio de Agustín Sánchez Andrés y Eduardo Mateo Gambarte.
250 ## - MENCION DE EDICION
Mención de edición 1ª ed.
260 ## - PUBLICACIÓN, DISTRIBUCIÓN, ETC.
Lugar de publicación, distribución, etc. Morelia (Michoacán) :
Nombre del editor, distribuidor, etc. Instituto de Investigaciones Históricas de la Universidad Michoacana de San Nicolás Hidalgo ;
Lugar de publicación, distribución, etc. Madrid :
Nombre del editor, distribuidor, etc. Comunidad de Madrid, Consejería de las Artes,
Fecha de publicación, distribución, etc. 2002.
300 ## - DESCRIPCIÓN FÍSICA
Extensión 437 p., :
Otras características físicas il. ;
Dimensiones 23 cm.
650 14 - PUNTO DE ACCESO ADICIONAL DE MATERIA--TÉRMINO DE MATERIA
Término de materia o nombre geográfico como elemento de entrada Niños refugiados españoles-
Subdivisión geográfica México.
9 (RLIN) 211184
651 #4 - PUNTO DE ACCESO ADICIONAL DE MATERIA--NOMBRE GEOGRÁFICO
Nombre geográfico España-
Subdivisión general Historia-
Subdivisión cronológica 1936-1939, Guerra civil-
Subdivisión general Niños.
9 (RLIN) 8309
700 1# - ENTRADA AGREGADA--NOMBRE PERSONAL
Nombre de persona Sánchez Andrés, Agustín.
9 (RLIN) 102455
700 1# - ENTRADA AGREGADA--NOMBRE PERSONAL
Nombre de persona Mateo Gambarte, Eduardo.
9 (RLIN) 78959
710 2# - ENTRADA AGREGADA--NOMBRE DE ENTIDAD CORPORATIVA
Nombre de entidad corporativa o nombre de jurisdicción como elemento de entrada Universidad Michoacana.
9 (RLIN) 170991
710 1# - ENTRADA AGREGADA--NOMBRE DE ENTIDAD CORPORATIVA
Nombre de entidad corporativa o nombre de jurisdicción como elemento de entrada Madrid (Comunidad Autónoma).
Unidad subordinada Consejería de las Artes.
9 (RLIN) 5602
852 ## - LOCALIZACIÓN
Ubicación ES-MaACL
Número de control de estantería L-28715
Sublocalización o colección R.134893
Holdings
Estatus retirado Estado de pérdida Estado de daño No para préstamo Biblioteca de origen Biblioteca actual Ubicación en estantería Fecha de adquisición Fuente de adquisición Total de préstamos Signatura topográfica completa Código de barras Visto por última vez Precio de reemplazo Tipo de ítem Koha
        Biblioteca del Ateneo de Madrid Biblioteca del Ateneo de Madrid Depósito 2 17/01/2008     L-28715 1093021 23/02/2023 23/02/2023 Libro impreso